Who is Muhammad Ali? / (Record no. 4239)

MARC details
000 -LEADER
fixed length control field 01347cam a2200349 i 4500
001 - CONTROL NUMBER
control field 4239
003 - CONTROL NUMBER IDENTIFIER
control field FISKH
005 - DATE AND TIME OF LATEST TRANSACTION
control field 20240708084647.0
008 - FIXED-LENGTH DATA ELEMENTS--GENERAL INFORMATION
fixed length control field 140630s2014 nyu j 000 0beng
010 ## - LIBRARY OF CONGRESS CONTROL NUMBER
LC control number 2014944568
020 ## - INTERNATIONAL STANDARD BOOK NUMBER
International Standard Book Number 9780448479552 (pbk)
040 ## - CATALOGING SOURCE
Original cataloging agency DLC
Language of cataloging eng
Description conventions rda
Transcribing agency DLC
Modifying agency DLC
050 ## - LIBRARY OF CONGRESS CALL NUMBER
Classification number GV1132.A4
082 ## - DEWEY DECIMAL CLASSIFICATION NUMBER
Classification number 796.83092
100 1# - MAIN ENTRY--PERSONAL NAME
Personal name Buckley, James,
Titles and words associated with a name Jr.,
Dates associated with a name 1963-
245 10 - TITLE STATEMENT
Title Who is Muhammad Ali? /
Statement of responsibility, etc. byJames Buckley Jr. ; illustrated by Stephen Marchesi.
260 ## - PUBLICATION, DISTRIBUTION, ETC.
Place of publication, distribution, etc. New York :
Name of publisher, distributor, etc. Grosset & Dunlap,
Date of publication, distribution, etc. 2014.
300 ## - PHYSICAL DESCRIPTION
Extent 105 pages :
Other physical details illustrations ;
Dimensions 21 cm.
336 ## - CONTENT TYPE
Content type term text
Source rdacontent
337 ## - MEDIA TYPE
Media type term unmediated
Source rdamedia
338 ## - CARRIER TYPE
Carrier type term volume
Source rdacarrier
490 0# - SERIES STATEMENT
Series statement Who was...?
504 ## - BIBLIOGRAPHY, ETC. NOTE
Bibliography, etc. note Includes bibliographical references (page 104)
520 ## - SUMMARY, ETC.
Summary, etc. Presents the life of the legendary boxer who began his career as Cassius Clay, discussing his prowess in the ring, his refusal to fight in the Vietnam War, and his life after boxing.
600 10 - SUBJECT ADDED ENTRY--PERSONAL NAME
Personal name Ali, Muhammad,
Dates associated with a name 1942-2016
Form subdivision Juvenile literature.
650 #0 - SUBJECT ADDED ENTRY--TOPICAL TERM
Topical term or geographic name entry element Boxers (Sports)
Geographic subdivision United States
Form subdivision Biography
-- Juvenile literature.
650 #0 - SUBJECT ADDED ENTRY--TOPICAL TERM
Topical term or geographic name entry element African American athletes
Form subdivision Biography
-- Juvenile literature.
700 1# - ADDED ENTRY--PERSONAL NAME
Personal name Marchesi, Stephen,
Relator term illustrator
906 ## - LOCAL DATA ELEMENT F, LDF (RLIN)
a 7
b cbc
c orignew
d 2
e epcn
f 20
g y-gencatlg
942 ## - ADDED ENTRY ELEMENTS (KOHA)
Source of classification or shelving scheme Dewey Decimal Classification
Koha item type Books
Suppress in OPAC No
Holdings
Withdrawn status Lost status Source of classification or shelving scheme Damaged status Not for loan Collection Home library Current library Shelving location Date acquired Total Checkouts Full call number Barcode Date last seen Price effective from Koha item type
    Dewey Decimal Classification     Non-Fiction Footprints International School Library Network Toul Kork Campus Footprints International School Library Network Toul Kork Campus A TK Campus, 4th Floor, Room B401, Non-Fiction Bookcases(7-8) 07/08/2024   BUC 796.83092 GV1132.A4 2024-0912 07/08/2024 07/08/2024 Books